A glossary of judicial and revenue terms : and of useful words occurring in official documents relating to the administration of the government of British India, from the Arabic, Persian, Hindustani, Sanskrit, Hindi, Bengali, Uriya, Marathi, Guzarathi, Telugu, Karnata, Tamil, Malayalam, and other languages /

Bibliographic Details
Main Author: Wilson, H. H. (Horace Hayman), 1786-1860
Format: Book
Language:English
Undetermined
Published: Delhi : Munshiram Manoharlal, [1968]
Edition:[2d ed.].
Subjects:

MARC

Tag First Indicator Second Indicator Subfields
LEADER 00000cam a2200000 4500
001 in00000155152
005 20151008073757.0
008 701008s1968 ii d 00110 eng d
010 |a sa 68016665  
025 |a PL480:I-E-10494 
035 |a (OCoLC)00112086 
035 |9 AAS8676AM 
037 |c 100.00 
040 |a DLC  |c DLC  |d TXA  |d UtOrBLW 
041 0 |a eng  |a und 
043 |a a-ii--- 
049 |a TXAM  |c [1024699] 
050 0 |a PK177  |b .W5 1968 
082 0 |a 491.4 
100 1 |a Wilson, H. H.  |q (Horace Hayman),  |d 1786-1860. 
245 1 2 |a A glossary of judicial and revenue terms :  |b and of useful words occurring in official documents relating to the administration of the government of British India, from the Arabic, Persian, Hindustani, Sanskrit, Hindi, Bengali, Uriya, Marathi, Guzarathi, Telugu, Karnata, Tamil, Malayalam, and other languages /  |c Compiled and published under the authority of the Honorable the Court of Directors of the East-India Company, by H. H. Wilson. 
250 |a [2d ed.]. 
264 1 |a Delhi :  |b Munshiram Manoharlal,  |c [1968] 
300 |a xxiv, 728 pages ;  |c 29 cm. 
336 |a text  |b txt  |2 rdacontent 
337 |a unmediated  |b n  |2 rdamedia 
338 |a volume  |b nc  |2 rdacarrier 
650 0 |a Indo-Aryan languages  |x Dictionaries  |x English. 
650 0 |a Law  |z India. 
651 0 |a India  |x Politics and government. 
999 |a MARS 
999 f f |s ff9645d3-5cae-3de7-bbee-9410dfbeb743  |i c60c8fac-5cab-3c93-a70e-34b7a3569652  |t 0 
952 f f |p ric  |a Texas A&M University  |b Rellis Campus  |c Joint Library Facility  |d Remote Storage  |t 0  |e PK177 .W5 1968  |h Library of Congress classification  |i unmediated -- volume  |m A14803639504 
998 f f |a PK177 .W5 1968  |t 0  |l Remote Storage